| 000 | 00353nam a22001457a 4500 | ||
|---|---|---|---|
| 003 | MACL | ||
| 005 | 20191128164717.0 | ||
| 008 | 191128b xxu||||| |||| 00| 0 eng d | ||
| 040 | _cMACL | ||
| 100 |
_aKumati, Arti _977345 |
||
| 245 | _aPhilosophy of Education | ||
| 260 |
_aDelhi _bBook Shores _c2018 |
||
| 650 |
_aPhilosophy _977346 |
||
| 942 |
_2ddc _cBK |
||
| 999 |
_c61446 _d61446 |
||